00494nam a2200121Ia 4500008004100000245018500041260003500226260000900261300000800270500001500278650001300293856006600306170516s9999 xx 000 0 und d aCompatibility studies between propafenone and selected excipients used in the development of controlled release formulations Mahammad S Shahe, Madhusudhana Chetty, KV Ramana Murthy bAsian Journal of Pharmaceutics c2012 a6:2 aApril-June xPharmacy uhttp://www.asiapharmaceutics.info/index.php/ajp/issue/view/28